• 首页
  • 本馆介绍
  • 公告通知
  • 最新文献
  • 馆藏检索
  • 电子资源
  • 读者导购
  • 参考咨询
  • 我的图书馆
  • 登录
  • 详细信息显示
  • 放入我的书架
  • 预约/预借图书
  • 作者相关作品
  • 分类相关作品
  • 丛书相关作品
  • 出版社相关作品

书目信息

  • 表格格式
  • 工作单格式
  • 卡片格式
题名:
书籍插画
    
 
作者: 毛德宝 , 胡珂 , 李洁 著
分册:  
出版信息: 杭州   浙江人民美术出版社  2011.07
页数: 235页
开本: 25cm
丛书名:
单 册:
中图分类: J228.5
科图分类:
主题词: 插图--作品集--中国--现代 , 插图
电子资源:
ISBN: 978-7-5340-3017-8
000 00823nam0 2200277 450
001 004931228
005 20140612093900.48
010    @a978-7-5340-3017-8@dCNY70.00
100    @a20110901d2011 em y0chiy50 ea
101 0  @achi
102    @aCN@b330000
105    @aa z 000yy
106    @ar
200 1  @a书籍插画@9shu ji cha hua@dBook illustration@f毛德宝,胡珂,李洁著@zeng
210    @a杭州@c浙江人民美术出版社@d2011.07
215    @a235页@d25cm
330    @a本书从角色、环境、道具、情节等为主题,收录多例不同风格插图作品。
510 1  @aBook illustration@zeng
606 0  @a插图@x作品集@y中国@z现代
606 0  @a插图
690    @aJ228.5@v4
701  0 @a毛德宝@9mao de bao@4著
701  0 @a胡珂@9hu ke@4著
701  0 @a李洁@9li jie@4著
801  0 @aCN@bNLC@c20110901
905    @b549268-70@dJ228.5@e305@f3
    
    书籍插画=Book illustration/毛德宝,胡珂,李洁著.-杭州:浙江人民美术出版社,2011.07
    235页;25cm
    
    
    ISBN 978-7-5340-3017-8:CNY70.00
    本书从角色、环境、道具、情节等为主题,收录多例不同风格插图作品。
●
相关链接 在E读中查询图书 在五车中查询图书 在当当中查询图书 在豆瓣中查询图书


正题名:书籍插画     索取号:J228.5/305         预约/预借

序号 登录号 条形码 馆藏地/架位号 状态 备注
1 549268   205492689   第一样本阅览室/ [索取号:J228.5/305] 在馆    
2 549269   205492698   第一借阅区/ [索取号:J228.5/305] 在馆    
3 549270   205492705   密集书库-美术系/ [索取号:J228.5/305] 在馆    
唐山师范学院图书馆 欢迎您!
大连网信软件有限公司© 版权所有